[Event "MK Cafe Cup-A"]
[Site "Koszalin"]
[Date "1999.08.06"]
[Round "4"]
[White "Onischuk, Alexander"]
[Black "Marin, Mihail"]
[Result "1-0"]
[WhiteElo "2657"]
[BlackElo "2548"]
[Annotator "Golod,V"]
[PlyCount "95"]
[EventDate "1999.08.03"]
[EventType "swiss"]
[EventRounds "9"]
[EventCountry "POL"]
[SourceTitle "CBM 073"]
[Source "ChessBase"]
[SourceDate "1999.12.01"]
[SourceVersion "1"]
[SourceVersionDate "1999.12.01"]
[SourceQuality "1"]

1. d4 Nf6 2. c4 e6 3. Nc3 Bb4 4. Qc2 c5 5. dxc5 O-O 6. a3 $5 ({Other lines are:
} 6. Bg5) (6. Nf3) (6. Bd2) (6. Bf4) 6... Bxc5 7. Nf3 {This is the main line.}
(7. Bf4 $5 {-see comments to Ostenstad,B-Hansen,S/Munkebo,1998/CBM 67(1/2-1/2)
(Golod,V)(26)}) 7... b6 8. Bg5 ({In my opinion better is:} 8. Bf4 $5) 8... Bb7
9. e3 $5 {Other options are:} (9. e4) (9. Rd1 {/\e4}) ({and} 9. O-O-O) 9... Be7
{Also possibly:} (9... h6 $5 {-see comments to Shipov,S-Ivanchuk,V/Las Vegas,
1999/CBM72(0-1)(Golod,V)(31)}) ({and} 9... Nc6) 10. Rd1 ({Another alternative
is:} 10. Be2) 10... Bxf3 $5 {Besides,was checked in the previous games:} (10...
h6 $5 11. Bf4 (11. Bh4 $143 Nh5 12. Bxe7 Qxe7 $11) 11... Nh5 12. Bg3 (12. Bd6
$143 Bxd6 13. Rxd6 Bxf3 (13... Qe7 $5 14. Qd2 $140 $6 Nf6 {[%csl Rd6][%cal
Gb7d5] (Greenfeld,A)}) 14. gxf3 Nc6 15. Be2 {+/=/= Sakalauskas,V-Sulskis,S/
Koszalin,1997 (1/2-1/2)(64)}) 12... Nc6 (12... Nxg3 $6 13. hxg3 d6 14. Bd3 $36)
13. Be2 Nxg3 (13... a6 $143 14. Bd6 $1 Bxd6 15. Rxd6 Qe7 16. Qd2 {><b6, d7}) (
13... Rc8 $5) 14. hxg3 a6 $6 (14... Rc8 $142 15. Qd3 Bf6 16. Qxd7 Bxc3+ 17.
bxc3 Na5 $44) 15. g4 $36 {Gofshtein,L-Greenfeld,A/Israel,1996/Inf 68/(447)
(Greenfeld,A)(21)}) (10... Na6 $6 11. Be2 Nc5 12. Rd4 d6 13. O-O a6 14. b4 $14
{Farago,I-Spassov,L/Moscow,1977/EU-chT (0-1)(42)}) (10... a6 11. Be2 (11. Bd3
$143 h6 12. Bxf6 Bxf6 13. O-O Ra7 14. Be2 Ba8 $11 {Shamkovich,L-Kudrin,S/
NewYork,1984 (1/2-1/2)(28)}) 11... Qc7 12. O-O d6 13. Rd2 Nbd7 14. Rfd1 {
+/=/= Gladyszev,O-Neverov,A/Gyongyos,1995 (1-0)(45)}) (10... d6 $5 11. e4 (11.
Bd3 $5) 11... Nbd7 12. Be2 Qc7 13. O-O a6 $11 {Dao Thien Hai-Fish,G/Budapest,
1993(1/2-1/2) (22)}) (10... Nc6 $5 11. Be2 $6 (11. Bd3 $142) 11... Rc8 12. O-O
Na5 $36 {[%csl Rc4] Karason,A-Olafsson,H/Kopavogur,1994 (0-1)(43)}) 11. gxf3 {
[%mdl 16]} Nc6 12. Be2 $5 $146 {This move better than:} (12. f4 {You can see
comments to game:Vasilescu,L - Marin,M/Bucharest,1999/CBM 70(0-1) (Marin,M)(30)
}) ({and} 12. Bd3 {Marin,M} Ne5 13. Be2 Qc7) 12... Rc8 $5 {[%cal Gc6e5]} ({
After:} 12... h6 13. Bxf6 Bxf6 14. Ne4 {[%csl Rd6] white has a positional
advantage.}) 13. f4 $1 {[%cal Yf4e5] +/=/=} Ne8 ({Again dubious:} 13... h6 14.
Bxf6 Bxf6 15. Ne4 Rc7 16. Rg1 $14) 14. Rg1 {[%csl Yg1]} ({Another possibility
is:} 14. Bxe7 Qxe7 15. Qd3 {[%csl Rd7]} d6 16. b4 $1 {+/=/=} a5 $140 $2 17. b5
Nd8 18. Na4 {[%csl Rb6]} Rb8 19. Qd4 Qc7 20. Rg1 $16) 14... f6 $5 ({
Considerably worse is:} 14... Bxg5 15. fxg5 {[%csl Gc4,Gg5]} Qc7 16. f4 {()})
15. Bh4 $140 f5 16. Bxe7 Qxe7 (16... Nxe7 $143 17. Qd2 Nf6 18. Nb5 {[%csl Rd6,
Rd7][%cal Gb5d6] +/=/+/-}) 17. Qa4 $5 {White's plan is:b4,Bf3 with pressure on
queen side blacks.} ({Also good enough:} 17. Nb5 a6 18. Nd4 Nxd4 19. Rxd4 {
with small advantage of white.}) 17... Nf6 18. Kf1 $5 {Preventive inspection!}
d6 19. b4 $14 e5 $6 ({Can be recommended:} 19... Rfd8 $5 20. Bf3 (20. Kg2 $5
$14 {[%cal Gg2h1]}) 20... Nb8 $14) 20. Nd5 $1 Qf7 ({Badly:} 20... Nxd5 $2 21.
cxd5 Nd8 22. fxe5 dxe5 (22... Qxe5 $143 23. Qxa7 {[%csl Rb6] +/-/+-}) 23. d6
$16) 21. Bf3 {[%csl Rc6,Gf3][%cal Gd5f6]} Ne4 (21... e4 $143 22. Be2 Nxd5 23.
Rxd5 $16) 22. Rg2 $5 {[%csl Yg2] Probably with the idea:Kg1-h1,Rdg1->} exf4 23.
exf4 ({Badly:} 23. Nxf4 {in view of:} Ne5 {[%csl Rc4,Rf3]} (23... Qxc4+ $6 24.
Be2 Qf7 25. Ba6 $36) 24. Bxe4 fxe4 $15) 23... Ne7 $6 {[%csl Rc4] After this
move white transfers to much better endgame.} ({In my opinion it is necessary:
} 23... Rfe8) 24. Qxa7 Nxd5 25. Qxf7+ Rxf7 (25... Kxf7 $143 26. Rxd5 {[%csl
Rd6,Rf5,Rg7]}) 26. Rxd5 $1 {[%csl Rb6,Rd6,Ye4][%cal Gf3e4][%mdl 4096]} ({Badly:
} 26. cxd5 {because of:} Rc2 $132) 26... Rxc4 27. Bxe4 fxe4 {[%csl Rf4]} 28. f5
$1 {[%csl Rb6,Rd6][%cal Yg2g3,Yg3a3,Yd5f5]} (28. Rxd6 $2 Rxf4 29. Ke2 Rf3 30.
Rxb6 Rxa3 $132 {[%csl Re2]}) 28... Rf6 $6 ({Probably better is:} 28... Rd7 {
[%csl Yd7]} 29. Rg3 Kf7 30. Re3 Kf6 31. Kg2 {[%cal Gg2g3,Gg3f4] +/=/+/-}) 29.
Rb5 {[%csl Rb6]} g6 (29... Rc6 {is refuted by:} 30. Rg4 {[%csl Re4]}) 30. Ke2
$5 {[%csl Re4][%cal Ge2e3]} Kf7 ({Another possibility is:} 30... Rc2+ $5 31.
Ke3 Rc3+ 32. Kxe4 Rxa3 {+/=/+/-}) 31. fxg6+ hxg6 32. Rxb6 $16 Ke6 ({Dubious:} 
32... d5 {in view of:} 33. Rxf6+ Kxf6 34. Kd2 $16 {[%csl Ga3,Gb4]}) 33. a4 {
[%csl Ga4,Yb4,Yb6][%cal Ga4a5,Yb6b4,Yb4a5,Ga5a6,Yb6a6]} Ke5 $6 ({More stubborn
resistance after:} 33... Rc3 $1 {[%csl Rg2][%cal Ge4e3]} 34. Rg3 $1 (34. a5 $2
e3 $132) (34. Rg5 $2 Rc2+ 35. Ke3 Rcxf2 36. Kxe4 $140 R6f4+ 37. Kd3 R2f3+ $11 {
[%csl Gf3,Gf4][%cal Gf3f2,Gf2f1]}) 34... Rc2+ 35. Ke3 Rcxf2 36. Kxe4 Rxh2 37.
a5 $16) 34. a5 Rc2+ 35. Kd1 $1 ({By mistake:} 35. Ke1 $2 {because of:} Kd4 (
35... e3 $4 36. f4+ {[%csl Rc2]}) 36. a6 Ra2 37. b5 Ra1+ $132) 35... Rc3 {
[%cal Gc3a3]} 36. a6 Ra3 37. Rg5+ $1 Kd4 $140 (37... Rf5 38. Rxf5+ gxf5 39. b5
{/\Rb7,a7 and so on.}) 38. Ra5 {[%csl Ga6]} Rd3+ ({Also loses:} 38... Rxa5 39.
bxa5 Rf8 40. Rxd6+ Ke5 41. Rxg6 $18) 39. Kc1 $4 {[%mdl 8192]} ({Guite enough
for win:} 39. Ke1 $1 e3 $140 40. f4 $18 {[%csl Ga6,Rd6]}) 39... Rxf2 $4 {
[%mdl 8192] Also gross error.} ({It is necessary:} 39... e3 $1 {[%csl Ge3]} 40.
fxe3+ $140 Kc4 $1 {[%csl Rc1][%cal Gf6f1,Gc4b3] /\Rf1+ or Kb3} 41. a7 (41. Rc6+
$4 Kb3 {[%cal Gf6f1]} 42. Kb1 (42. Ra3+ Kxa3 43. Kc2 (43. a7 $143 Kb3 {[%csl
Rc1][%cal Gf6f1]} 44. Kb1 Rd1+ 45. Rc1 Rff1 $19) 43... Rxe3 44. a7 Rf2+ 45. Kd1
Re8 $19 {[%csl Rd1]}) 42... Rd1+ 43. Rc1 Rff1 {[%csl Rb1]} 44. Ra3+ $8 Kxa3 45.
Rxd1 Rxd1+ 46. Kc2 Ra1 $19) 41... Rf1+ (41... Kb3 $4 42. Ra3+ Kxa3 43. a8=Q+
Kb3 44. Qg8+ $18) 42. Kc2 Rf2+ $11) 40. Rxd6+ Kc3 (40... Ke3 $144 41. Rxd3+
exd3 42. a7 Rf1+ (42... d2+ $2 43. Kc2 Rf1 44. Re5+ $18) 43. Kb2 d2 44. Rd5 Rf8
45. b5 $18 {[%csl Ga7]}) 41. Ra3+ $1 $18 Kxb4 42. Rdxd3 exd3 43. a7 {[%csl Ga7]
} Rc2+ 44. Kd1 Kxa3 45. a8=Q+ Kb3 46. Qg8+ {[%csl Rg6]} Kc3 47. Qg7+ Kc4 48.
Qxg6 (48. Qxg6 Rxh2 $140 49. Qe6+ {[%csl Rd6,Re5,Rh2][%cal Ge6d6,Ge6e5,Gd6h2]})
1-0

[Event "Politiken zt"]
[Site "Munkebo"]
[Date "1998.09.10"]
[Round "1.1"]
[White "Ostenstad, Berge"]
[Black "Hansen, Sune Berg"]
[Result "1/2-1/2"]
[WhiteElo "2520"]
[BlackElo "2460"]
[Annotator "Golod,V"]
[PlyCount "52"]
[EventDate "1998.09.10"]
[EventType "k.o."]
[EventRounds "5"]
[EventCountry "DEN"]
[SourceTitle "CBM 067"]
[Source "ChessBase"]
[SourceDate "1998.11.30"]
[SourceVersion "2"]
[SourceVersionDate "1998.11.01"]
[SourceQuality "1"]

{[%mdl 2104]} 1. d4 Nf6 2. c4 e6 3. Nc3 Bb4 4. Qc2 c5 5. dxc5 O-O $5 ({Black
has several options:} 5... Bxc5 $5) (5... Nc6 $5) (5... Na6 $5) 6. a3 $5 {
This is the main line} ({Other lines are:} 6. Bg5) (6. Nf3) (6. Bd2) (6. Bf4)
6... Bxc5 7. Bf4 (7. Nf3 $5 {This is the main line}) 7... Nh5 $5 ({Black has
few options:} 7... b6) (7... Nc6) (7... d5 $5) 8. Bg3 (8. Bd2 $143 Be7 $6 (8...
d5 $5) 9. Nf3 d6 10. e4 Re8 11. Be2 $14 {1/2-1/2 Hoang Thang Trang-Rodriguez
Lopez,R/FSGM April, Budapest HUN 1998 (34)}) 8... Nc6 9. e3 {[%cal Gf1e2]} f5
10. Be2 Nxg3 11. hxg3 g6 ({Possibly:} 11... h6 12. Nh3 Ne5 13. Nf4 b6 14. Nd3
Nxd3+ 15. Qxd3 Bb7 16. Bf3 Bxf3 17. gxf3 $11 {0-1 Von Herman,U-Andersen,J/
BL2-N 1984/BIG 80 (35)}) 12. O-O-O $6 $146 {White's plan:g4;Nh3-f4(play on the
king side and centre;weaknessPd7).Black's plan:play on the centre(strong point
f6 for queen)and play on the queen side.} (12. Nf3 $5 Qf6 13. g4 $1 Ne5 14.
gxf5 Qxf5 15. Qxf5 Rxf5 16. Nxe5 Rxe5 17. g4 {[%csl Re5]} b5 $2 (17... a5 $5)
18. b4 Be7 19. Bf3 $16 {1-0 Dorfman,J-Chernin,A/Volgodonsk 1981/MCD-ch (37)}) (
12. Nh3 $6 a6 13. g4 fxg4 14. Bxg4 Bxe3 $1 15. O-O Bd4 16. Rad1 $15 {1-0
Timoshchenko,G-Duriga,S/SVK-chT 1994/TD 94\03 (46)}) 12... b6 $13 (12... Qf6 $5
) 13. Nh3 $6 {[%csl Ye5,Gh3][%cal Gh3f4] (><e5)} ({After:} 13. Nf3 {possible
move:} Bb7 $13) 13... Ne5 $5 {[%cal Ye5d7] (><d7)} (13... Qf6 $5 14. Nf4 Ne5 {
-see 13...Ne5}) 14. Nf4 {[%csl Re6][%cal Gf4e6]} Qf6 {/\Bb7,Rac8|^} 15. Nd3 $1
{[%csl Yd3,Ge5][%cal Gd3e5] (this is the best move)} Nxd3+ (15... Nxc4 $4 16.
Nxc5 {[%csl Rc4][%cal Ge2c4]} bxc5 17. Bxc4 $18) 16. Rxd3 Rf7 $5 $11 {[%cal
Yf7d7,Gc8b7]} 17. Bf3 Rb8 18. Ne2 $5 {[%cal Gc2c3]} ({Dubious:} 18. Nb5 $6 {
because of:} Ba6 $1 19. Nd6 $6 (19. Nxa7 $2 d5 $17 {[%csl Ra7]}) (19. Qa4 $5)
19... Bxd6 20. Rxd6 Rc8 $36 {[%csl Rc4]}) 18... Bf8 $5 19. Qc3 Qe7 $6 {[%cal
Gf8g7]} (19... Qxc3+ $142 20. Nxc3 (20. Rxc3 Ba6 $15) 20... Ba6 21. Rhd1 Rd8
$15 (21... d5 $2 22. cxd5 Bxd3 23. dxe6 $14)) 20. Kb1 Bg7 21. Qb4 Qc5 (21...
Qxb4 $143 22. axb4 a5 $6 23. Rb3 $14) 22. Rb3 d6 (22... Bf8 $5) 23. Qxc5 dxc5
24. Nc3 $5 {[%csl Rb5]} (24. Rd3 $143 Ba6 25. Rc1 (25. b3 $6 b5 $1 26. Rd6 Rb6
$15) 25... b5 $36) 24... Ba6 25. Nb5 Rd8 26. Kc2 Rfd7 (26... Rfd7 27. Rd1 Rxd1
28. Bxd1 {and black has a slight advantage in the endgame}) 1/2-1/2

[Event "RUS-ch51"]
[Site "St Petersburg"]
[Date "1998.08.02"]
[Round "6"]
[White "Galkin, Alexander"]
[Black "Sveshnikov, Evgeny"]
[Result "0-1"]
[WhiteElo "2540"]
[BlackElo "2575"]
[Annotator "Golod,V"]
[PlyCount "76"]
[EventDate "1998.07.28"]
[EventType "swiss"]
[EventRounds "11"]
[EventCountry "RUS"]
[SourceTitle "CBM 067"]
[Source "ChessBase"]
[SourceDate "1998.11.30"]
[SourceVersion "2"]
[SourceVersionDate "1998.11.01"]
[SourceQuality "1"]

{[%mdl 20528]} 1. d4 Nf6 2. c4 e6 3. Nc3 Bb4 4. Qc2 c5 5. dxc5 Na6 6. Nf3 {
Nowadays this move is not actual.} (6. a3 $5 {- is the main line. See comments
to Vaisser,A-Fressinet,L/Meribel,1998(cbm67)1-0(40)Golod,V}) 6... Nxc5 $5 ({
Other lines are:} 6... O-O) (6... Qa5) ({worse:} 6... Bxc5 $6 7. Bg5 h6 8. Bh4
Be7 9. e3 O-O 10. Rd1 $14 {1/2-1/2 Lorscheid,G-Grimm,R/Wuerttemberg-ch 1995/
EXT 97 (19)}) 7. Bd2 {White has three options :7.Bd2;7.a3;7.g3.} O-O $5 ({
Other lines are:} 7... b6) (7... Bxc3) 8. e3 b6 {[%csl Re4][%cal Gc8b7,Gb7h1]}
9. a3 $5 (9. Be2 Bb7 (9... Ba6 $143 10. a3 Bxc3 11. Bxc3 d5 12. Rd1 Rc8 13.
cxd5 Bxe2 14. Qxe2 Nxd5 15. Be5 f6 16. Bg3 Ne4 17. Nd4 $14 {1-0 Justo,D-Harper,
H/Buenos Aires 1993/EXT 97 (23)}) 10. O-O Nce4 $5 (10... Nfe4 $144 $5 11. a3
Nxc3 $5 (11... Bxc3 12. Bxc3 Nxc3 13. Qxc3 f5 $5 14. Rad1 Rf6 15. Qd4 $14 {
1-0 Bilyap,S-Gunnarsson,G/Vrnjacka Banja 1967/EXT 97 (29)}) 12. Bxc3 Be4 13.
Qd2 Nb3 14. Qd1 Bxc3 15. Qxb3 Bf6 16. Rad1 Qc7 17. Nd4 a6 18. Rd2 Rfd8 19. Rc1
d5 $15 {1/2-1/2 Wallinger,M-Ploetz,W/BL2-O 1992/BL2 (44)}) (10... Rc8 $6 11.
Nb5 $5 (11. Rfd1 Qe7 12. Rac1 Rfd8 13. Be1 d6 14. Nd4 g6 15. Bf3 $11 {1-0
Koerholz,L-Blauert,J/Dortmund 1992/TD 92\03 (56)}) 11... Bxd2 12. Nxd2 a6 13.
Nd6 $14 {1/2-1/2 Pigott,J-Carton,N/London 1994/EXT 94 (29)}) 11. Nxe4 Bxe4 12.
Bd3 Bxd3 13. Qxd3 Bxd2 14. Qxd2 d5 15. cxd5 Qxd5 16. Qxd5 Nxd5 17. a3 Rac8 18.
Rac1 Rfd8 19. Rfd1 Kf8 20. Kf1 Ke7 {1/2-1/2 Kholmov,R-Kortschnoj,V/Bucharest
1954/MCL 08 (20)}) 9... Bxc3 10. Bxc3 Bb7 $5 (10... Nce4 $5 11. Be2 Nxc3 12.
Qxc3 Bb7 13. O-O Rc8 14. Rfd1 d5 15. Rac1 Qe7 16. Qb3 dxc4 17. Rxc4 Rxc4 18.
Qxc4 {1/2-1/2 Platt,J-Rohacek,I/Trencianske Teplice 1949/MCL 08 (18)}) 11. Be2
({Dubious a)} 11. b4 Nce4 12. Be2 (12. Bd3 $143 Nxc3 13. Qxc3 Rc8 14. Qd4 d6
15. e4 Ba6 16. b5 Bb7 $15 {0-1 Franz,G-Christiansen,L/Leverkusen 1997/EXP 60 
(36)}) 12... d5 13. Bd4 Rc8 $11 {0-1 Enevoldsen,J-Keres,P/Buenos Aires 1939/
HCL 37 (43)}) ({and b)} 11. Ng5 $6 Nce4 12. Nxe4 Bxe4 13. Qd2 d5 14. f3 Bg6 15.
cxd5 Nxd5 16. Bd4 Qe7 17. Bc4 Rfd8 $11 {1/2-1/2 Kozul,Z-Bewersdorff,O/
Frankfurt 1990/CBM 20 (26)}) 11... d5 (11... Nce4 $5 12. O-O Nxc3 13. Qxc3 Ne4
14. Qb4 Rc8 15. Rfd1 Qc7 $11 {1/2-1/2 Sokolsky,A-Boleslavsky,I/Moscow 1949/
URS-ch (22)}) (11... Rc8 $143 12. O-O Qe7 13. Ng5 e5 14. f4 $14 {1-0 Foldi,
I-Horvath,J/Budapest 1991/EXP 23 (54)}) (11... d6 $5 12. b3 e5 13. O-O Rc8 14.
Rfc1 Qe7 15. b4 Nce4 16. Be1 Rc7 $11 {0-1 Hertneck,G-Karpov,A/BL9394 1994/BL
90 (61)}) 12. O-O (12. Rd1 Qe7 13. Bd4 $6 dxc4 14. Qxc4 Rac8 15. Qb4 Nd5 16.
Qd2 Nb3 17. Qd3 Nc1 18. Qd2 Nxe2 19. Qxe2 f6 $1 $17 {0-1 Pfeiffer,U-Markgraf,A/
Osnabrueck 1994/JUN 97 (61)}) 12... dxc4 $146 (12... Rc8 $142 $5 13. Rad1 Qe7
14. b3 Rfd8 15. Qb2 Nce4 16. Bb4 Qe8 $11 {0-1 Benkner,O-Blau,M/Moscow 1956/
MCD-ol (29)}) 13. Rfd1 $5 (13. Bxc4 $5 Bxf3 (13... Rc8 $5) 14. gxf3 Nd5 {
[%csl Rc3][%cal Gd8g5]} 15. Kh1 Nxc3 16. Qxc3 $11) 13... Qe7 (13... Nd3 $6 14.
Ne5 $1 $14 {[%csl Rc4,Rd3]} (14. b3 Qe7 15. bxc4 Nc5 $11)) 14. Bxc4 Nfe4 15.
Bd4 (15. Be5 $5) 15... Rac8 {[%csl Rc4][%cal Gc8c2]} 16. Qe2 $2 (16. b4 $1 {
(><a6)} Nd7 17. Qe2 Nd6 $5 {[%cal Ge6e5]} 18. Bb3 e5 19. Bb2 {+/=/=}) 16... Nd6
$1 {[%csl Yb7,Rc4][%cal Gb7a6]} 17. b4 (17. Ba2 Ba6 18. Qd2 (18. Qc2 Nce4 $15)
18... Nce4 19. Qb4 Be2 $1 $36) 17... Nxc4 18. bxc5 $6 (18. Qxc4 Bd5 $5 (18...
Bxf3 19. gxf3 {=/+/=}) 19. Qe2 Nb3 $15) 18... e5 $1 19. Qxc4 $6 ({Better:} 19.
Bc3 $5 Bxf3 (19... b5 $143 20. c6 $1 Rxc6 $8 21. Bb4 Nd6 22. Qxb5 $11 (22. Rd5
$13 {[%cal Ga1d1]})) 20. Qxf3 (20. gxf3 $143 b5 $15) 20... bxc5 21. Qd5 Qe6 22.
Qxe6 fxe6 {=/+/=_|_}) 19... Bxf3 $5 (19... exd4 $5 20. Nxd4 (20. exd4 Bxf3 21.
gxf3 Qg5+ 22. Kh1 bxc5 $15) 20... Rxc5 21. Qd3 Rfc8 $15) 20. gxf3 exd4 $15 21.
Rxd4 (21. exd4 Qg5+ 22. Kh1 bxc5 $15) 21... Qf6 {[%csl Rf3]} 22. Rad1 (22. f4
$5 Rxc5 23. Qd3 $15) 22... Rxc5 23. Qe2 g6 24. f4 ({Dubious:} 24. Rd7 {in view
of:} Ra5 $1 (24... Rfc8 25. f4 $5 $15 (25. Rxa7 $2 Rc2 $40)) 25. R7d3 (25. R1d3
$2 Qa1+ {[%csl Ra3]}) 25... Rc8 $15) 24... Rfc8 {<->c} 25. Qg4 $6 (25. Kg2 $5)
25... Rc1 $5 {weakness:Kg1} 26. Kg2 Kg7 27. Rd6 Qe7 28. f5 $6 (28. R1d4 $5 {
[%cal Gf4f5]} Qb7+ 29. e4 Qa6 30. Rd3 $15) 28... R1c4 29. R6d4 (29. R1d4 $2
Qxd6 $1 30. Rxc4 Qd5+ 31. Re4 $8 Rc4 $19) 29... b5 {[%csl Ra3]} 30. h4 $6 (30.
R1d3 $5 $15) 30... R8c5 {[%cal Gc5f5]} 31. e4 $2 (31. fxg6 hxg6 32. a4 $1 $15)
31... Qe5 $1 $17 32. Rxc4 $6 (32. Qg3 Qxg3+ 33. fxg3 gxf5 $17) (32. f4 $2 Qxd4
$1 33. Rxd4 Rxd4 $19) 32... Rxc4 33. fxg6 (33. Re1 Qxf5 $1 34. Qxf5 gxf5 35.
exf5 Kf6 $1 $19) 33... Rxe4 34. Qf3 hxg6 $19 {[%csl Ra3,Rg2,Rh4]} 35. Rd3 Rf4
36. Rd5 (36. Qd5 Qf6 $1 {[%csl Rf2,Rh4]} (36... Qxd5+ $5 37. Rxd5 a6 {-+_|_})
37. f3 Rxh4 38. Qxb5 Qa1 $19) 36... Qf6 37. Qe2 (37. Qg3 Rxh4 38. Rxb5 Qc6+ $1
39. f3 $8 (39. Kf1 $2 Rh1+ 40. Ke2 Qxb5+) 39... Qc2+ 40. Kg1 $8 Qc1+ 41. Kg2 (
41. Kf2 Rh1 42. Qe5+ Kh7 $19) 41... Qh1+ 42. Kf2 Rh2+ 43. Ke3 Qc1+ $19) 37...
Qxh4 38. Qe5+ (38. Rxb5 Rg4+) 38... Kh7 0-1

[Event "Hoogovens-B"]
[Site "Wijk aan Zee"]
[Date "1999.01.23"]
[Round "4"]
[White "Ionov, Sergey"]
[Black "Janssen, Ruud"]
[Result "1-0"]
[WhiteElo "2551"]
[BlackElo "2445"]
[Annotator "Golod,V"]
[PlyCount "67"]
[EventDate "1999.01.19"]
[EventType "tourn"]
[EventRounds "11"]
[EventCountry "NED"]
[EventCategory "11"]
[SourceTitle "CBM 069"]
[Source "ChessBase"]
[SourceDate "1999.04.01"]
[SourceVersion "1"]
[SourceVersionDate "1999.04.01"]
[SourceQuality "1"]

1. d4 Nf6 2. c4 e6 3. Nc3 Bb4 4. Qc2 c5 5. dxc5 O-O $5 ({Black has several
options:} 5... Bxc5 $5) (5... Nc6 $5) ({and} 5... Na6 $5) 6. a3 $5 ({Other
alternatives are:} 6. Bg5) (6. Nf3) (6. Bd2) (6. Bf4) 6... Bxc5 7. Nf3 $5 {
-is the main line.} ({Another line is:} 7. Bf4 {-see comments to Ostenstad,
B-Hansen,S/Munkebo 1998/CBM 67(1/2-1/2)(Golod,V)(26)}) 7... b6 {from 7...b6
to-9.Bg3 of this game, you can see comments in the game: Gurevich,M-Gulko,B/
New York 1998/CBM 64 (1-0) (Gurevich)(44)} 8. Bf4 Nh5 9. Bg3 $5 $146 {Besides,
was checked in the previous games:} (9. Bg5 $5 {-see comments to Gurevich,
M-Gulko,B/New York 1998/CBM 64(1-0)(Gurevich,M)(44)}) ({and} 9. Bd2 $5 f5 10.
e3 (10. b4 $5) 10... Bb7 11. Be2 Nf6 12. O-O Nc6 $11 {1/2-1/2 Dietz,H-Knoedler,
D/Giengen 1987/GER (36)}) 9... f5 $5 {[%csl Rd6,Re5] In my opinion slightly
better is:} (9... Bb7) 10. e3 ({Can be recommended at first:} 10. Rd1 Bb7 (
10... Nxg3 $143 11. hxg3 Bb7 12. e4 $5 $36) 11. e3 {+/=/=}) 10... Bb7 11. Be2 (
{Good enough:} 11. Rd1) 11... h6 ({After:} 11... Nxg3 12. hxg3 Nc6 (12... Qf6
$143 13. g4 $36) 13. g4 $1 {white has a positional advantage.}) 12. Rd1 $5 {
[%csl Rd6][%cal Gg3d6,Gd1d6]} ({Dubious:} 12. O-O-O {in view of:} Nxg3 (12...
f4 $6 13. Bh4 g5 $140 $4 14. Bxg5 $1 hxg5 15. Qg6+ Ng7 16. Nxg5 $18 {[%csl Rg8]
[%cal Gg6h7]}) 13. hxg3 Qf6 $132 {[%csl Rc1]}) 12... Nxg3 ({Dubious:} 12... f4
{because of:} 13. Bh4 (13. exf4 $143 Nxf4 14. Bxf4 Rxf4 15. b4 Be7 16. Qd2 Qf8
$13 (16... Rf6 $5)) 13... Qe8 (13... g5 $4 14. Bxg5 hxg5 15. Qg6+ Ng7 16. Nxg5
$18) 14. b4 $1 $14) 13. hxg3 {+/=/=} a6 {[%csl Gc3][%cal Ya6b5]} ({Slightly
worse is:} 13... Qf6 {because of:} 14. e4 {or:} (14. b4)) 14. O-O $5 {White's
plan is:Rd2,Rfd1with pressure on: Pd7 and point d6.Also very interestingly:} (
14. e4 {with play on the centre.}) 14... Qc7 ({After:} 14... Qf6 $6 {strongly:}
15. e4 $14) 15. Rd2 Nc6 ({Worse is:} 15... Be7 16. Rfd1 Rd8 {+/=/=}) 16. Rfd1
Rad8 $2 ({Good enough:} 16... Rf7 $5 17. b4 $140 Bf8 $11) 17. b4 Be7 18. Nd5 $1
{[%csl Rb6,Gc2,Rc7][%cal Gd5b6,Gd5c7,Gd5e7]} exd5 $8 ({Badly:} 18... Qb8 {
because of:} 19. Nxe7+ (19. Nxb6 $5 Nxb4 20. axb4 Be4 (20... Bxf3 $2 21. Nxd7
$18) 21. Qa4 Qxb6 22. c5 $16) 19... Nxe7 20. Rxd7 $16) 19. cxd5 {[%csl Rc6,Rc7,
Re7][%cal Gd5c6,Gd5d6]} Rf6 {Besides,black has several options:} (19... Qd6 $6
20. dxc6 Qxc6 21. Qb3+ Kh8 22. Bc4 $16 {[%cal Gc4d5]}) (19... b5 $6 20. d6 Bxd6
21. Rxd6 $16) (19... Bf6 $6 20. dxc6 Qxc6 21. Bc4+ (21. Qxf5 $2 Bc3 22. Qd5+
Qxd5 23. Rxd5 Bxd5 24. Rxd5 $44) 21... Kh8 22. Bd5 {[%cal Gc4d5]} Qxc2 23. Rxc2
$16) 20. dxc6 $6 ({Very strongly:} 20. Nd4 $1 $16) 20... dxc6 {is the best
move.} 21. Bc4+ $1 Kh8 $140 22. Rxd8+ Bxd8 23. Qd3 $1 {[%csl Ra6,Rd8]} Rf8 $8 (
{Away loses:} 23... Be7 {in view of:} 24. Qd7 {[%csl Rb7,Re7]} Bd6 $8 25. Qxc7
Bxc7 26. Rd7 $18) 24. Bxa6 $16 ({Slightly worse is:} 24. Nd4 {[%csl Rc7,Rd8,
Rf5,Rf8][%cal Gd4e6,Gd4f5] because of:} b5 (24... Bc8 $6 25. Bxa6 $16) 25. Ba2
Bc8 {+/=/+/-}) 24... Bxa6 (24... Ba8 {is refuted by:} 25. Nd4 {[%cal Gd4e6]})
25. Qxa6 Bf6 26. Qc4 {[%csl Rc6][%cal Gd1c1]} Ra8 {is the best chance!} 27. Rd3
({Dubious:} 27. Rc1 Rxa3 28. Qxc6 Qxc6 29. Rxc6 Ra1+ $1 30. Kh2 $140 Ra2 {
[%csl Rf2]} 31. Rxb6 (31. Kg1 Ra1+) 31... Rxf2 {+/=/+/-_|_}) ({and} 27. b5 Rxa3
(27... c5 $2 28. Rd3 $16) 28. Qxc6 (28. bxc6 $143 Rc3 29. Qe6 Rxc6 30. Qxf5 Rc1
$1 $14) 28... Qxc6 29. bxc6 Rc3 30. Rd6 {+/=/+/-}) 27... c5 28. Rd5 $2 ({
Good enough:} 28. b5 {[%csl Rb6,Rc5]} Qe7 {[%cal Ge7e4]} 29. Nd2 $16) 28...
Rxa3 29. Rxf5 (29. bxc5 $2 Rc3 $11 {[%csl Rc5]}) 29... Ra4 30. Qe6 $5 {[%csl
Ra4][%cal Ge6e8,Gf3e5]} Rxb4 $6 (30... Ra1+ $142 31. Kh2 cxb4 {[%csl Rh2][%cal
Gc7c1]} 32. Rb5 $5 (32. Ne5 $5 $13) (32. Qe8+ Kh7 33. Qe4 $11) 32... Qc1 33.
Kh3 Qh1+ 34. Kg4 $13 (34. Nh2 $5)) 31. Ne5 $14 Bxe5 ({Loses:} 31... Rb1+ {
in view of:} 32. Kh2 {(/\33.Qe8+ Kh7 34.Rf6! gxf6 35.Qg6+ Kh8 36.Nf7++-)} Rd1 (
32... Bxe5 33. Rf8+ Kh7 34. Qf5+ g6 35. Qxb1 $18) 33. Ng6+ Kh7 34. Rxf6 gxf6
35. Ne7 $1 {[%csl Rf7,Rg8][%cal Ge6f7,Ge6g8]} Rd8 36. Qf7+ Kh8 37. Ng6#) 32.
Rxe5 Rb1+ $6 (32... Qb8 $142 $1 {[%cal Gb8e5,Yb8e8]} 33. f4 Ra4 $14 {[%cal
Ga4a8]}) 33. Kh2 Rd1 $2 $138 (33... Rb2 $2 34. Qe8+ Kh7 35. Rf5 $18 {[%csl Rh7]
[%cal Gf5f8,Gf8h8]}) (33... Qb8 $5 {[%cal Gb8e5]} 34. f4 Ra1 $14 {[%cal Ga1a8]}
) 34. Qe8+ {Black lost on time.} (34. Qe8+ Kh7 35. Re6 {(/\36.Qg6+ Kh8 37.
Re8+-)} Rd8 $8 36. Qg6+ Kh8 37. Rxb6 Rc8 38. f4 $16 {with the idea after:} c4
39. f5 $5 (39. Rb2 $5) 39... c3 $2 (39... Rf8 $142) 40. f6 c2 41. Rc6 $1 {
[%csl Rc2,Rc7,Rh8]} c1=Q 42. Rxc1 $18) 1-0